| 000 | 00586nam a2200217Ia 4500 | ||
|---|---|---|---|
| 003 | IIN | ||
| 005 | 20240129160350.0 | ||
| 008 | 231217s9999 xx 000 0 und d | ||
| 020 |
_cRs.795.00 _a8171792901 |
||
| 040 |
_aIIN _bEnglish |
||
| 082 |
_a610.28 _bARO |
||
| 100 | 1 | _aArora, V. S. | |
| 245 | 1 |
_aSynopsis of Medical Instruments & Procedures _cV. S. Arora & Arun Yadav |
|
| 250 | _a3rd ed | ||
| 260 |
_bJaypee _aNew Delhi _c2003 |
||
| 300 | _a[8], 446p. | ||
| 650 | 1 |
_aMedical Surgical _vNursing |
|
| 650 | 1 |
_aInstruments _vMedical |
|
| 700 | 1 | _aYadav, Arun | |
| 942 | _cBOOK | ||
| 999 |
_c1576 _d1576 |
||